Computer Architecture and Organigation (Record no. 4253)

MARC details
000 -LEADER
fixed length control field 00347nam a2200145Ia 4500
008 - FIXED-LENGTH DATA ELEMENTS--GENERAL INFORMATION
fixed length control field 191201s1998 xx 000 0 und d
082 ## - DEWEY DECIMAL CLASSIFICATION NUMBER
Classification number 004.22
Item number HAC
100 ## - MAIN ENTRY--PERSONAL NAME
Personal name HAYES,John P
245 #0 - TITLE STATEMENT
Title Computer Architecture and Organigation
250 ## - EDITION STATEMENT
Edition statement 3rd
260 ## - PUBLICATION, DISTRIBUTION, ETC. (IMPRINT)
Place of publication, distribution, etc N.Delhi
Name of publisher, distributor, etc MGH
Date of publication, distribution, etc 1998
300 ## - PHYSICAL DESCRIPTION
Extent 604
650 ## - SUBJECT ADDED ENTRY--TOPICAL TERM
Topical term or geographic name as entry element B.Tech(IT)
942 ## - ADDED ENTRY ELEMENTS (KOHA)
Source of classification or shelving scheme Dewey Decimal Classification
Koha item type Text Books
942 ## - ADDED ENTRY ELEMENTS (KOHA)
-- 5
Holdings
Withdrawn status Lost status Source of classification or shelving scheme Damaged status Not for loan Collection code Home library Current library Date acquired Source of acquisition Cost, normal purchase price Bill Number Total Checkouts Full call number Acc. no. / Barcode Date last seen Bill Date Koha item type Date last borrowed
    Dewey Decimal Classification     B.Tech(IT) PIET C-LIBRARY PIET C-LIBRARY 11/01/2010 J B C, New Delhi 9.50 SI-3976   004.22 HAC 14279 04/12/2019 29/12/2009 Text Books  
    Dewey Decimal Classification     B.Tech(IT) PIET C-LIBRARY PIET C-LIBRARY 11/01/2010 J B C, New Delhi 9.50 SI-3976 1 004.22 HAC 14280 19/10/2023 29/12/2009 Text Books 08/09/2023
    Dewey Decimal Classification     B.Tech(IT) PIET C-LIBRARY PIET C-LIBRARY 11/01/2010 J B C, New Delhi 9.50 SI-3976 2 004.22 HAC 14281 14/11/2025 29/12/2009 Text Books 30/10/2025
    Dewey Decimal Classification     B.Tech(IT) PIET C-LIBRARY PIET C-LIBRARY 21/01/2010 J B C, New Delhi 9.50 SI-4225 2 004.22 HAC 14583 12/10/2022 18/01/2010 Text Books 28/09/2022
    Dewey Decimal Classification     B.Tech(IT) PIET C-LIBRARY PIET C-LIBRARY 21/01/2010 J B C, New Delhi 9.50 SI-4225 1 004.22 HAC 14584 27/12/2021 18/01/2010 Text Books 13/12/2021
    Dewey Decimal Classification     B.Tech(CSE) PIET C-LIBRARY PIET C-LIBRARY 05/07/2012 IBH, New Delhi 595.00 4865 2 004.22 HAC 19435 17/08/2023 03/07/2012 Text Books 27/07/2023
    Dewey Decimal Classification     B.Tech(CSE) PIET C-LIBRARY PIET C-LIBRARY 05/07/2012 IBH, New Delhi 595.00 4865 1 004.22 HAC 19436 06/12/2023 03/07/2012 Text Books 21/11/2023
    Dewey Decimal Classification     B.Tech(CSE) PIET C-LIBRARY PIET C-LIBRARY 05/07/2012 IBH, New Delhi 595.00 4865   004.22 HAC 19437 04/12/2019 03/07/2012 Text Books  
    Dewey Decimal Classification     B.Tech(CSE) PIET C-LIBRARY PIET C-LIBRARY 05/07/2012 IBH, New Delhi 595.00 4865 1 004.22 HAC 19438 06/11/2023 03/07/2012 Text Books 17/10/2023
    Dewey Decimal Classification     B.Tech(CSE) PIET C-LIBRARY PIET C-LIBRARY 05/07/2012 IBH, New Delhi 595.00 4865   004.22 HAC 19439 04/12/2019 03/07/2012 Text Books  

Design & Developed by: PIET Central Library
R70 Miles Stone Pattikalyana Samalkha Panipat 132102
mail ID :- [email protected], Phone No:- 0180-2569700 Ex.216